000 01298nam a2200169 i 4500
001 170741
003 ES-MaACL
005 20230906214440.0
008 090402s18791884sp |||| | spa d
080 _a94(460)
110 2 _aReal Academia de la Historia (España)
_96309
245 1 0 _aDiscursos leídos ante la Academia de la Historia,
_f1879-1884 /
_cReal Academia de la Historia.
260 _aMadrid :
_b[s.n.],
_c1879 (
_fImp. de los Señores Rojas)
300 _a1 v. ;
_c27 cm.
505 8 _aContiene: Dominación arábiga en la frontera superior desde el año 711 al 813 / Francisco Codera y Zaidín (77 p.). Contestación / Vicente Lafuente (p. 78-95). Discurso dedicado a la buena memoria de D. José Amador de los Ríos / Juan de Dios de la Rada y delgado (28 p.). Elogio de Don Mariano Álvarez de Castro / José Gómez de Arteche y Moro (154 p. + 1 map. pleg.). Mateo de Laya / Cesáreo Fernández Duro (62 p.). Contestación / F. Javier de Salas (p. 63-98). Estética de la historia / Marcelino Menéndez y Pelayo (40p.). Contestación / Aureliano Fernández Guerra (p. 41-59). La nación y la realeza en los estados de la Corona de Aragón / Bienvenido Oliver y Esteller (125 p.). Contestación / Pedro de Madrazo (p. 126-156).
852 _aES-MaACL
_jK-122
_z- Enc. pasta española
999 _c170741
_d170741